000 00696nam2a2200205 4500
001 RU\NLR\PER_A\002813349_001610
005 20251221045047.0
035 _a(NLR Aleph) 022686579
090 _a13503972
_c13503972
100 _a20251211d2025 u y0rusy50 ca
101 0 _arus
102 _aRU
200 0 _a2025, № 8 (1590)
210 _d2025
461 0 _1001RU\NLR\Per\570457
_12001#$aПензенские епархиальные ведомости$v2025, № 8 (1590)
_92689014
_cПенза
_d1866 - 1917, 1998 -
_tПензенские епархиальные ведомости
_v2025, № 8 (1590)
852 _aNLR
_jП37/174
942 _cISSUE
980 _aRUSPER
980 _aNB